00449 2200181 4500245004400000020001800044250001100062100001800073700001800091700002100109650001700130005001900147260003100166041001400197084001300211300003400224336000900258 aDeath Note Vol. 11cOhba, TsugumihText a9789792316773 aCet. 4 aOhba, Tsugumi aSri Nurhayati aFrisian Yuniardi aKomik Jepang a20230904114042 aJakartabPT Gramediac2009 aIndonesia a741.5592 a... jil. :bilus. ;c17,5 cm. atext